Vista normal
Vista MARC
Entrada Topical Term
Número de registros utilizados en: 1
001 - CONTROL NUMBER
- control field: 38398
003 - CONTROL NUMBER IDENTIFIER
- control field: OSt
005 - DATE AND TIME OF LATEST TRANSACTION
- control field: 20210707141624.0
008 - FIXED-LENGTH DATA ELEMENTS
- fixed length control field: 210707|| aca||aabn | a|a d
040 ## - CATALOGING SOURCE
- Original cataloging agency: OSt
- Transcribing agency: OSt
150 ## - HEADING--TOPICAL TERM
- Topical term or geographic name entry element: Desarrollo social
- Form subdivision: Proyectos
670 ## - SOURCE DATA FOUND
- Source citation: Work cat.: (OSt)8105: Sanín Ángel, Héctor, 16346 autor, Guía metodológica general para la preparación y evaluación de proyectos de inversión social / , 1995